<?xml version="1.0" encoding="UTF-8"?><?xml-stylesheet type="text/xsl" href="static/style.xsl"?><OAI-PMH xmlns="http://www.openarchives.org/OAI/2.0/" xmlns:xsi="http://www.w3.org/2001/XMLSchema-instance" xsi:schemaLocation="http://www.openarchives.org/OAI/2.0/ http://www.openarchives.org/OAI/2.0/OAI-PMH.xsd"><responseDate>2026-04-18T05:17:44Z</responseDate><request verb="GetRecord" identifier="oai:www.recercat.cat:2117/385623" metadataPrefix="marc">https://recercat.cat/oai/request</request><GetRecord><record><header><identifier>oai:recercat.cat:2117/385623</identifier><datestamp>2026-02-11T16:50:40Z</datestamp><setSpec>com_2072_1033</setSpec><setSpec>col_2072_452951</setSpec></header><metadata><record xmlns="http://www.loc.gov/MARC21/slim" xmlns:dcterms="http://purl.org/dc/terms/" xmlns:xsi="http://www.w3.org/2001/XMLSchema-instance" xmlns:doc="http://www.lyncode.com/xoai" xsi:schemaLocation="http://www.loc.gov/MARC21/slim http://www.loc.gov/standards/marcxml/schema/MARC21slim.xsd">
   <leader>00925njm 22002777a 4500</leader>
   <datafield ind2=" " ind1=" " tag="042">
      <subfield code="a">dc</subfield>
   </datafield>
   <datafield ind2=" " ind1=" " tag="720">
      <subfield code="a">Christen Marote, Sebastián</subfield>
      <subfield code="e">author</subfield>
   </datafield>
   <datafield ind2=" " ind1=" " tag="260">
      <subfield code="c">2023-02-22</subfield>
   </datafield>
   <datafield ind2=" " ind1=" " tag="520">
      <subfield code="a">La tesis tiene como objetivo investigar y abordar el impacto ambiental de la industria de&#xd;
la construcción, y proporcionar un enfoque claro y práctico para reducir el impacto&#xd;
ambiental de los proyectos de construcción y contribuir a la sostenibilidad de la industria.&#xd;
La investigación incluirá la creación de una base de datos flexible y precisa para&#xd;
procesar datos sobre los elementos constitutivos de un proyecto de construcción,&#xd;
incluyendo información sobre los materiales utilizados en la construcción, su origen,&#xd;
transporte e impacto ambiental. Estos datos se utilizarán para realizar un análisis&#xd;
dinámico de los proyectos de construcción y evaluar su impacto en la sostenibilidad,&#xd;
incluida la huella de carbono, la eficiencia energética y su impacto en el medio ambiente.&#xd;
Basándose en el análisis, la tesis sugerirá el uso de materiales de construcción más&#xd;
sostenibles para reducir el impacto ambiental del proyecto, y comparará el proyecto&#xd;
inicial con el optimizado a través de una representación visual intuitiva. La investigación&#xd;
se llevará a cabo utilizando las metodologías más actualizadas y avanzadas, como la&#xd;
evaluación del ciclo de vida, el análisis del impacto ambiental y los algoritmos de&#xd;
optimización. Los resultados se presentarán de manera completa y fácil de entender, lo&#xd;
que permitirá a los profesionales y las partes interesadas implementar los resultados y&#xd;
mejorar la sostenibilidad de la industria de la construcción.</subfield>
   </datafield>
   <datafield tag="653" ind2=" " ind1=" ">
      <subfield code="a">Àrees temàtiques de la UPC::Edificació::Construcció sostenible</subfield>
   </datafield>
   <datafield tag="653" ind2=" " ind1=" ">
      <subfield code="a">Àrees temàtiques de la UPC::Desenvolupament humà i sostenible::Desenvolupament sostenible::Energia i sostenibilitat</subfield>
   </datafield>
   <datafield tag="653" ind2=" " ind1=" ">
      <subfield code="a">Sustainable architecture</subfield>
   </datafield>
   <datafield tag="653" ind2=" " ind1=" ">
      <subfield code="a">Sustainable buildings</subfield>
   </datafield>
   <datafield tag="653" ind2=" " ind1=" ">
      <subfield code="a">Arquitectura sostenible</subfield>
   </datafield>
   <datafield tag="653" ind2=" " ind1=" ">
      <subfield code="a">Edificis -- Aspectes ambientals</subfield>
   </datafield>
   <datafield tag="653" ind2=" " ind1=" ">
      <subfield code="a">Edificis sostenibles</subfield>
   </datafield>
   <datafield ind2="0" ind1="0" tag="245">
      <subfield code="a">Análisis de sistemas e instalaciones en torno a la arquitectura regenerativa, eficiencia energética y optimización de recursos naturales</subfield>
   </datafield>
</record></metadata></record></GetRecord></OAI-PMH>